| 000 | 01341nam a2200301 a 4500 | ||
|---|---|---|---|
| 005 | 20090803095445.0 | ||
| 008 | 831027s1982 rur b 001 0 eng | ||
| 010 | _aENG-94614 | ||
| 020 |
_a9788189833381 _c225.00 |
||
| 035 | _aEN-78147 | ||
| 037 | _bDBAD / PUB | ||
| 040 |
_adpl _bEnglish |
||
| 082 | _a335.411 | ||
| 100 |
_aIlʹenkov, Ė. V. _q(Ėvalʹd Vasilʹevich) |
||
| 240 |
_aDialektika abstraktnogo i konkretnogo v "Kapitale" Marksa. _lEnglish |
||
| 245 |
_aThe dialectics of the abstract and the concrete in Marx's Capital / _cby E.V. Ilyenkov; translated from the Russian by Sergei Syrovatkin |
||
| 260 |
_aDelhi _bAakar Books _c2008 |
||
| 270 |
_a28E, Pocket IV, Mayur Vihar, Phase-I, _bDelhi _e110091 |
||
| 300 |
_a293 p. _c21cm(pbk) |
||
| 500 | _aTranslation of: Dialektika abstraktnogo i konkretnogo v "Kapitale" Marksa. | ||
| 504 | _aIncludes bibliographical references and index | ||
| 600 |
_aMarx, Karl, _d1818-1883. _tKapital. |
||
| 650 |
_aDialectic _xHistory _y19th century. |
||
| 650 |
_aCapital _xHistory _y19th century. |
||
| 650 |
_aEconomics _xHistory _y19th century. |
||
| 942 |
_2ddc _cEN _h335.411 _mILY |
||
| 999 |
_c28850 _d28850 |
||